[Event "Washington Open Championship"]
[Site "Lynnwood, WA"]
[Date "2015.05.23"]
[Round "2"]
[White "Lumala Tendo  (WA)"]
[Black "Burt Gavin  (WA)"]
[Result "0-1"]
[WhiteElo "1219"]
[BlackElo "521"]
[Annotator ""]
[Source ""]
[Remark "Booster"]

1.e4 e5 2.Nf3 Nc6 3.Nc3 Nf6 4.Bb5 Bb4 5.O-O O-O 6.d3 d6 7.Bg5
Bxc3 8.bxc3 h6 9.Bh4 Na5 10.Re1 c6 11.Ba4 Re8 12.d4 Nc4 13.Bb3
Na5 14.dxe5 dxe5 15.Qxd8 Rxd8 16.Nxe5 g5 17.Nxf7 Nxb3 18.Nxd8
Nxa1 19.Rxa1 gxh4 20.Re1 Kf8 21.e5 Ng8 22.e6 Ne7 23.Nf7 Kg7 24.Nd6
Kf6 25.Ne8+ Kf5 26.Nc7 Rb8 27.g3 hxg3 28.hxg3 Nd5 29.Ne8 Ne7
30.f4 b6 31.Kg2 Bb7 32.Re5+ Kg6 33.Nd6 c5+ 34.Kf2 Bd5 35.c4 Bc6
36.g4 Kf6 37.Ke3 Rd8 38.Ne4+ Bxe4 39.Rxe4 Rd1 40.f5 Ra1 41.Kf4
Rxa2 42.Re2 a5 43.Rd2 a4 44.Rd6 Rb2 45.Rd7 a3 46.Ra7 a2 47.c3
Rc2 48.Ra3 Rxc3 49.Rxc3 a1Q 50.Rb3 Qd4+ 51.Kg3 Qxc4 52.Rxb6 Qc3+
53.Kh4 c4 54.Rb7 Qe1+ 55.Kh3 Qh1+ 56.Kg3 Qxb7 57.g5+ hxg5 58.Kg4
Nxf5 59.Kh3 Kxe6 60.Kh2 c3 61.Kh3 c2 62.Kg4 c1Q 63.Kh3 Qf3+ 64.Kh2
Qd2+ 65.Kg1 Qfd1# 0-1

[Event "Washington Open Championship"]
[Site "Lynnwood, WA"]
[Date "2015.05.23"]
[Round "2"]
[White "Yu Jason  (WA)"]
[Black "Schill William  (WA)"]
[Result "1/2-1/2"]
[WhiteElo "1865"]
[BlackElo "2245"]
[Annotator ""]
[Source ""]
[Remark "Open"]

1.e4 c5 2.Nf3 Nc6 3.d4 cxd4 4.Nxd4 e5 5.Nb5 d6 6.N1c3 a6 7.Na3
Be7 8.Be3 Nf6 9.Nd5 O-O 10.Nxe7+ Nxe7 11.Nc4 Nxe4 12.f3 b5 13.fxe4
bxc4 14.Bxc4 Nf5 15.Bf2 Ne7 16.O-O Bb7 17.Re1 Qc7 18.b3 Kh8 19.Bd5
Nxd5 20.exd5 f5 21.c4 Rf6 22.Rc1 Qf7 23.b4 f4 24.a4 Rf8 25.Qf3
g5 26.Rcd1 g4 27.Qxg4 Rg8 28.Qf3 Bc8 29.h3 Rfg6 30.Kh1 Rxg2 31.Rg1
Rxg1+ 32.Rxg1 Rxg1+ 33.Bxg1 Bf5 34.b5 axb5 35.axb5 Qg6 36.Kh2
h5 37.Qf2 Be4 38.b6 Qg7 39.h4 Kg8 40.Kh3 Kh7 41.Kh2 Kh6 42.Kh3
Bf5+ 43.Kh2 Qg4 44.Kh1 Qh3+ 45.Bh2 Be4+ 46.Kg1 Qg4+ 47.Kf1 Qd1+
48.Qe1 Bg2+ 49.Kf2 Qf3+ 50.Kg1 Bh3 51.Bxf4+ exf4 52.Qf2 Qe4 53.b7
Qb1+ 54.Kh2 Qxb7 55.Qxf4+ Kh7 56.Qe4+ Kg7 57.Kxh3 Qb3+ 58.Kh2
{At this point, illegibility descends, but Black checks White around the board until move 74 or so, when a truce is declared.}
 1/2-1/2

[Event "Washington Open Championship"]
[Site "Lynnwood, WA"]
[Date "2015.05.24"]
[Round "3"]
[White "Moroney Timothy  (WA)"]
[Black "He Samuel  (WA)"]
[Result "0-1"]
[WhiteElo "2034"]
[BlackElo "2232"]
[Annotator ""]
[Source ""]
[Remark "Open"]

1.c4 e6 2.g3 d5 3.Nf3 Nf6 4.Bg2 dxc4 5.Na3 Bxa3 6.bxa3 O-O 7.Qc2
Nc6 8.Bb2 Qe7 9.O-O e5 10.Rfc1 Nd7 11.Qxc4 Nb6 12.Qh4 f6 13.d3
Bf5 14.Nd2 Nd8 15.Qb4 Qd7 16.Nc4 Be6 17.Na5 c6 18.Nb3 Bd5 19.Nc5
Qf7 20.e4 Bxa2 21.a4 Be6 22.Ba3 Re8 23.a5 Nc8 24.d4 b6 25.axb6
axb6 26.Nxe6 Nxe6 27.d5 Nd4 28.dxc6 Ne2+ 29.Kh1 Nxc1 30.Rxc1
Qa2 31.Bb2 Qa5 32.Qb3+ Kh8 33.Bh3 Qa4 34.Qd3 Qb4 35.Bc3 Qd6 36.Qd5
Qxd5 37.exd5 Ne7 38.Rd1 Rad8 39.Bg2 Nxc6 40.Rb1 Ne7 41.Rxb6 Nxd5
42.Bxd5 Rxd5 43.Rb2 h6 44.Bd2 Kh7 45.Kg2 f5 46.h4 Red8 47.Be3
g6 48.Ra2 R8d7 49.Rb2 Rf7 50.Rb4 Rg7 51.Kf3 g5 52.hxg5 hxg5 53.Rb6
Rdd7 54.Re6 Rde7 55.Rxe7 g4+ 56.Ke2 Rxe7 0-1

[Event "Washington Open Championship"]
[Site "Lynnwood, WA"]
[Date "2015.05.23"]
[Round "2"]
[White "Bragg David  (WA)"]
[Black "Dhingra Sangeeta  (WA)"]
[Result "1-0"]
[WhiteElo "2210"]
[BlackElo "1909"]
[Annotator ""]
[Source ""]
[Remark "Open -- Two Day"]

1.e4 c5 2.Ne2 e6 3.d4 cxd4 4.Nxd4 Nc6 5.c4 d6 6.Nc3 Nf6 7.Be3
Be7 8.Be2 a6 9.g4 Nxd4 10.Qxd4 e5 11.Qd1 Be6 12.Rc1 Qa5 13.O-O
O-O 14.f3 Rac8 15.Qa4 Qxa4 16.Nxa4 Nd7 17.b4 g6 18.Rfd1 f5 19.h3
fxe4 20.fxe4 Rc7 21.Nb2 Rfc8 22.a4 a5 23.Bd2 axb4 24.Bxb4 Nc5
25.Bxc5 Rxc5 26.Rc3 d5 27.exd5 Bxd5 28.Re3 Bf7 29.Rd7 R5c7 30.Rxc7
Rxc7 31.Rxe5 Bc5+ 32.Kg2 Bd4 33.Rb5 Bxb2 34.Rxb2 Bxc4 35.Bf3
Ba6 36.Kg3 Rc4 37.Bd5+ Kg7 38.Bxc4 Bxc4 39.Rxb7+ 1-0

[Event "Washington Open Championship"]
[Site "Lynnwood, WA"]
[Date "2015.05.23"]
[Round "1"]
[White "Setiadikurnia Sloan  (WA)"]
[Black "Bragg David  (WA)"]
[Result "1/2-1/2"]
[WhiteElo "1955"]
[BlackElo "2210"]
[Annotator ""]
[Source ""]
[Remark "Open -- Two Day"]

1.e4 c6 2.d4 d5 3.e5 Bf5 4.Nf3 e6 5.Be2 Nd7 6.O-O Ne7 7.Nh4 c5
8.c3 Bxb1 9.Rxb1 Nc6 10.Nf3 a6 11.Bf4 Be7 12.dxc5 g5 13.Bg3 h5
14.h3 h4 15.Bh2 Bxc5 16.b4 Bb6 17.c4 dxc4 18.Bxc4 Rg8 19.Qc2
Rc8 20.Qh7 Ne7 21.Bb3 Ba7 22.Qh5 Ng6 23.Rbd1 Rh8 24.Qg4 Qe7 25.Rfe1
b5 26.Nxg5 Bb8 27.Nxf7 Kxf7 28.Bxe6+ Qxe6 29.Rxd7+ Ne7 30.Qd4
Rc4 31.Qd2 Bc7 32.Rd1 Rh5 33.Bf4 Rf5 34.Bg5 Rxg5 35.Qxg5 Re4
36.Qh5+ ( 36.Rxe7+ Qxe7 37.Qf5+ Ke8 38.Qxe4 $18 {+-} ) Kg7 37.Qg5+
Kf7 38.Qh5+ Kg7 39.Qg5+ 1/2-1/2

[Event "Washington Open Championship"]
[Site "Lynnwood, WA"]
[Date "2015.05.24"]
[Round "4"]
[White "Peng Brandon  (WA)"]
[Black "Shanmukam Rajesh  (WA)"]
[Result "0-1"]
[WhiteElo "1131"]
[BlackElo "1504"]
[Annotator ""]
[Source ""]
[Remark "Reserve"]

1.d4 d5 2.c4 c6 3.Nc3 Nf6 4.Bg5 e6 5.e4 dxe4 6.Nxe4 Be7 7.Nxf6+
Bxf6 8.Bxf6 Qxf6 9.Nf3 Qg6 10.Bd3 Qxg2 11.Rg1 Qh3 12.Qe2 Nd7
13.O-O-O Nf6 14.Bc2 Bd7 15.d5 cxd5 16.cxd5 O-O 17.Kb1 exd5 18.Rg3
Qe6 19.Qd3 Qb6 20.Ne5 Be6 21.Ng4 Bxg4 22.Rxg4 g6 23.Rf4 Ne4 24.Qxd5
Nc3+ 25.Kc1 Nxd5 26.Rxd5 Rad8 27.Rg5 Rd4 28.Rf3 Re8 29.Bb3 Qc6+
30.Rc3 Re1+ 31.Kc2 Qe4+ 32.Rd3 Qxd3# 0-1

[Event "Washington Open Championship"]
[Site "Lynnwood, WA"]
[Date "2015.05.24"]
[Round "3"]
[White "Tiglon Bryce  (WA)"]
[Black "Cozianu Costin  (WA)"]
[Result "0-1"]
[WhiteElo "2293"]
[BlackElo "2455"]
[Annotator ""]
[Source ""]
[Remark "Open"]

1.e4 e5 2.Nf3 Nc6 3.Bb5 a6 4.Ba4 Nf6 5.O-O Nxe4 6.d4 b5 7.Bb3
d5 8.dxe5 Be6 9.c3 Bc5 10.Nbd2 O-O 11.Bc2 Nxf2 12.Rxf2 f6 13.exf6
Bxf2+ 14.Kxf2 Qxf6 15.Nb3 Ne5 16.Qd4 Bg4 17.Nbd2 Rae8 18.Qxd5+
Kh8 19.Qc5 Qh4+ 0-1

[Event "Washington Open Championship"]
[Site "Lynnwood, WA"]
[Date "2015.05.24"]
[Round "3"]
[White "Ryan Stephen  (WA)"]
[Black "Kypriotakis Kyriakos  (OR)"]
[Result "1-0"]
[WhiteElo "1288"]
[BlackElo "816"]
[Annotator ""]
[Source ""]
[Remark "Booster"]

1.e4 c5 2.c3 Nc6 3.d4 cxd4 4.cxd4 e6 5.d5 exd5 6.exd5 Qe7+ 7.Be3
Qb4+ 8.Nc3 Nce7 9.Bd2 Qxb2 10.Rb1 Qa3 11.Nb5 Qxa2 12.d6 Nd5 13.Qe2+
Kd8 14.Bg5+ f6 15.Qxa2 fxg5 16.Qxd5 Nf6 17.Qxg5 a6 18.Nc7 Rb8
19.Rd1 h6 20.Qg6 b5 21.Rd5 Nxd5 22.Qe8# 1-0

[Event "Washington Open Championship"]
[Site "Lynnwood, WA"]
[Date "2015.05.24"]
[Round "3"]
[White "Schill William  (WA)"]
[Black "Ramasamy Vikram  (WA)"]
[Result "1-0"]
[WhiteElo "2245"]
[BlackElo "1888"]
[Annotator ""]
[Source ""]
[Remark "Open"]

1.e4 Nf6 2.e5 Nd5 3.c4 Nb6 4.c5 Nd5 5.Nc3 e6 6.d4 d6 7.cxd6 cxd6
8.Nf3 Nc6 9.exd6 Bxd6 10.Bd3 h6 11.O-O O-O 12.Re1 Qf6 13.Ne4
Qd8 14.Nxd6 Qxd6 15.a3 b6 16.Qe2 Bb7 17.Qe4 Nf6 18.Qh4 Qd8 19.Bxh6
gxh6 20.Qxh6 Nxd4 21.Qg5+ Kh8 22.Qh4+ Kg8 23.Qg5+ Kh8 24.Qh4+
Kg8 25.Nxd4 Qd5 26.Qg3+ Kh8 27.Re5 Qxg2+ 28.Qxg2 Bxg2 29.Kxg2
Rfd8 30.Be4 Rac8 31.Nf3 1-0

[Event "Washington Open Championship"]
[Site "Lynnwood, WA"]
[Date "2015.05.24"]
[Round "3"]
[White "Haining Kyle  (WA)"]
[Black "Deshpande Aaryan  (WA)"]
[Result "1-0"]
[WhiteElo "2139"]
[BlackElo "1789"]
[Annotator ""]
[Source ""]
[Remark "Open"]

1.e4 c5 2.Nf3 d6 3.d4 cxd4 4.Nxd4 Nf6 5.Nc3 g6 6.Be3 Bg7 7.f3
O-O 8.Qd2 Nc6 9.g4 Nxd4 10.Bxd4 Be6 11.Nd5 Bxd5 12.exd5 Rc8 13.h4
Qe8 14.Rh2 e5 15.dxe6 Qxe6+ 16.Re2 Qd7 17.O-O-O d5 18.g5 Nh5
19.Bxg7 Kxg7 20.Qd4+ Kg8 21.Red2 Rfd8 22.Qxd5 Qc7 23.Qxd8+ Rxd8
24.Rxd8+ Kg7 25.R1d4 Ng3 26.Bc4 Nf5 27.R8d7 Qc8 28.Rxf7+ Kh8
29.Rdd7 Ng7 30.Bd5 Qe8 31.Kd2 Ne6 32.Bxe6 1-0

[Event "Washington Open Championship"]
[Site "Lynnwood, WA"]
[Date "2015.05.24"]
[Round "3"]
[White "Davis Frederick  (WA)"]
[Black "Fagundes Frank  (WA)"]
[Result "1-0"]
[WhiteElo "1836"]
[BlackElo "1792"]
[Annotator ""]
[Source ""]
[Remark "Premier"]

1.e4 c5 2.Nf3 d6 3.d4 cxd4 4.Nxd4 Nf6 5.Nc3 a6 6.Be3 Nc6 7.f3
e6 8.Qd2 Bd7 9.O-O-O b5 10.g4 b4 11.Nce2 Qa5 12.Kb1 Ne5 13.Ng3
Bb5 14.Nb3 Qa4 15.Qf2 Be7 16.g5 Nfd7 17.h3 O-O 18.f4 Nc4 19.Bc1
Rfc8 20.h4 Nc5 21.f5 Ne5 22.f6 Bf8 23.fxg7 Bxg7 24.Rxd6 Nc4 25.Nxc5
Qa5 26.Nb3 Qc7 27.Rd1 a5 28.Nh5 Be5 29.Bf4 a4 30.Bxc4 Bxc4 31.Bxe5
Qxe5 32.Qf6 Qxf6 33.Nxf6+ Kg7 34.Nd4 Ra7 35.Rh2 Rc5 36.Nf5+ exf5
37.Rd8 1-0

[Event "Washington Open Championship"]
[Site "Lynnwood, WA"]
[Date "2015.05.24"]
[Round "3"]
[White "Ahluwalia Anshul  (WA)"]
[Black "Schemm Michael  (WA)"]
[Result "0-1"]
[WhiteElo "1484"]
[BlackElo "1994"]
[Annotator ""]
[Source ""]
[Remark "Premier"]

1.d4 Nc6 2.c4 e5 3.d5 Nce7 4.Nc3 Ng6 5.e4 d6 6.Nf3 Be7 7.g3 Nf6
8.Bg2 h5 9.Nd2 h4 10.Bf3 hxg3 11.hxg3 Rxh1+ 12.Bxh1 Bh3 13.b4
Qd7 14.Nb3 O-O-O 15.c5 Rh8 16.Qd3 Bg4 17.Bg2 Rh2 18.c6 bxc6 19.Qa6+
Kd8 20.dxc6 Qe6 21.Qf1 Rxg2 22.Qxg2 Qc4 23.Bd2 d5 24.exd5 Bxb4
25.Qf1 Qxc3 26.Bxc3 Bxc3+ 27.Nd2 Bxa1 28.f3 Bc8 29.Ke2 Bd4 30.Nb3
Ba6+ 0-1

[Event "Washington Open Championship"]
[Site "Lynnwood, WA"]
[Date "2015.05.24"]
[Round "3"]
[White "Kam Ethan  (WA)"]
[Black "Thakur Asher  (WA)"]
[Result "1-0"]
[WhiteElo "1245"]
[BlackElo "1097"]
[Annotator ""]
[Source ""]
[Remark "Booster"]

1.d4 d5 2.c4 e6 3.Nc3 Nf6 4.Bg5 Nbd7 5.e3 c6 6.Nf3 Qa5 7.c5 Ne4
8.Qc2 b6 9.Bd3 Nef6 10.Bxf6 Nxf6 11.Ne5 bxc5 12.Nxc6 Qb6 13.dxc5
Bxc5 14.Na4 Qxc6 15.Nxc5 Bd7 16.Nxd7 Qxd7 17.a4 Rc8 18.Qb3 O-O
19.O-O Qd6 20.h3 Rb8 21.Qc2 Rfc8 22.Qd2 Qb4 23.Qxb4 Rxb4 24.Rfc1
Rxc1+ 25.Rxc1 Kf8 26.Bb5 a6 27.Rc8+ Ke7 28.Bxa6 Rxa4 29.Ra8 Rb4
30.Ra7+ Nd7 31.Bc8 Kf6 32.Rxd7 Rxb2 33.g3 h5 34.Ba6 g5 35.Rb7
Ra2 36.Bd3 {Notation ends here, the game sometime thereafter.} 1-0

[Event "Washington Open Championship"]
[Site "Lynnwood, WA"]
[Date "2015.05.24"]
[Round "3"]
[White "Burt Gavin  (WA)"]
[Black "Haining Breck  (WA)"]
[Result "0-1"]
[WhiteElo "521"]
[BlackElo "1311"]
[Annotator ""]
[Source ""]
[Remark "Booster"]

1.e4 g6 2.d4 Bg7 3.Nf3 d6 4.Bc4 Nf6 5.Nc3 O-O 6.O-O Nxe4 7.Nxe4
d5 8.Bxd5 Qxd5 9.Re1 Bg4 10.c3 Nd7 11.h3 Bf5 12.Ng3 e5 13.Nxf5
gxf5 14.dxe5 Qxd1 15.Rxd1 Nxe5 16.Nxe5 Bxe5 17.Rd7 Rad8 18.Rxd8
Rxd8 19.Be3 a6 20.Kf1 f4 21.Bc1 Kg7 22.Ke2 Kg6 23.a4 Kf5 24.Ra3
Bd6 25.Rb3 Re8+ 26.Kf3 b6 27.c4 Re4 28.g4+ fxg3 29.fxg3 Rxc4
30.g4+ Kg6 31.Be3 Rxa4 32.Bxb6 Rf4+ 33.Ke3 cxb6 34.Rxb6 Rf6 35.Kd3
a5 36.Kc4 Bb4 37.Rxf6+ Kxf6 38.b3 Ke5 39.Kb5 Kf4 40.Kc6 Kg3 41.Kd7
Kxh3 42.Ke8 Kxg4 43.Kxf7 h5 0-1

[Event "Washington Open Championship"]
[Site "Lynnwood, WA"]
[Date "2015.05.24"]
[Round "3"]
[White "Pupols Viktors  (WA)"]
[Black "Roback Joe  (CAN)"]
[Result "1-0"]
[WhiteElo "2207"]
[BlackElo "2046"]
[Annotator ""]
[Source ""]
[Remark "Open"]

1.d4 Nf6 2.c4 g6 3.Nc3 Bg7 4.e4 d6 5.Nf3 O-O 6.Be2 e5 7.O-O Nc6
8.d5 Ne7 9.Ne1 Ne8 10.f3 f5 11.g4 Kh8 12.h4 Nf6 13.Nd3 Qd7 14.Nf2
c6 15.Be3 f4 16.Bd2 h5 17.g5 Nh7 18.Kh2 Rg8 19.Rg1 Qd8 20.Bf1
Bf8 21.Nd3 c5 22.a3 Bd7 23.Be1 Qc8 24.Nf2 Rb8 25.Rc1 a6 26.a4
b6 27.Ra1 Rg7 28.Bh3 Bxh3 29.Nxh3 Qd8 30.Rg2 Nc8 31.Rc2 Na7 32.Ne2
Rf7 33.Bc3 Bg7 34.b3 Kg8 35.Qg1 Nf8 36.Nf2 Ra8 37.Rca2 Rb8 38.Nd3
Qe8 39.Be1 Nd7 40.Qg2 Ra8 41.Nc3 Nb8 42.Bf2 Rc7 43.Ne1 Rb7 44.Nc2
a5 45.Nb5 Nc8 46.Qh3 Kf7 47.Rd1 Qd7 48.Qf1 Na6 49.Qe2 Nb4 50.Nxb4
axb4 51.Rda1 Bf8 52.a5 bxa5 53.Rxa5 Rxa5 54.Rxa5 Be7 55.Qa2 Bd8
56.Ra6 Nb6 57.Qa1 Bc7 58.Ra2 Bb8 59.Qf1 Nc8 60.Qa1 Nb6 61.Kg2
Bc7 62.Na7 Bd8 63.Ra6 Be7 64.Nc6 Qc7 65.Ra8 Nxa8 66.Qxa8 Bf8
67.Nd8+ Kg8 68.Nxb7 Kf7 69.Nd8+ 1-0

[Event "Washington Open Championship"]
[Site "Lynnwood, WA"]
[Date "2015.05.24"]
[Round "3"]
[White "Sohal Tanraj  (CAN)"]
[Black "He Daniel  (WA)"]
[Result "1-0"]
[WhiteElo "2347"]
[BlackElo "2253"]
[Annotator ""]
[Source ""]
[Remark "Open"]

1.d4 Nf6 2.c4 e6 3.Nf3 Bb4+ 4.Nbd2 b6 5.g3 Bb7 6.Bg2 O-O 7.O-O
a5 8.a3 Bxd2 9.Qxd2 a4 10.Qc2 Be4 11.Qc3 d6 12.Bh3 Qe7 13.Nh4
Nc6 14.f3 Bg6 15.Nxg6 hxg6 16.Bg5 e5 17.e3 Qe8 18.d5 Na5 19.e4
Nb3 20.Rae1 Nc5 21.Qc2 Nh7 22.Bd2 Nb3 23.Bc3 c5 24.f4 Qe7 25.Qd3
Rfd8 26.Rf2 Nd4 27.Ref1 Rf8 28.Bg2 Nf6 29.h3 Nd7 30.f5 g5 31.Bf3
Nf6 32.Bd2 Nh7 33.Bd1 Rfb8 34.h4 Qf6 35.hxg5 Nxg5 36.Rh2 Qe7
37.Rh5 Nh7 38.g4 Nf6 39.Rh4 Qc7 40.g5 Nd7 41.f6 Nf8 42.Qh3 Ng6
43.Rh7 1-0

[Event "Washington Open Championship"]
[Site "Lynnwood, WA"]
[Date "2015.05.24"]
[Round "3"]
[White "Ardeleanu Andrew  (WA)"]
[Black "Richards Jerrold  (WA)"]
[Result "1-0"]
[WhiteElo "1176"]
[BlackElo "1446"]
[Annotator ""]
[Source ""]
[Remark "Reserve"]

1.e4 e6 2.d4 d5 3.Nd2 dxe4 4.Nxe4 Nd7 5.Bd3 Ngf6 6.c3 Nxe4 7.Bxe4
Nf6 8.Bd3 Qd5 9.Nf3 Bd7 10.O-O Bb5 11.Re1 Bxd3 12.Qxd3 Bd6 13.b4
Qh5 14.h3 Nd5 15.Qb5+ c6 16.Qxb7 O-O 17.Qxc6 Bf4 18.Bxf4 Nxf4
19.Re5 Qg6 20.Rg5 Nxh3+ 21.gxh3 Qd3 22.Rg3 Rac8 23.Ne5 Qd2 24.Qg2
g6 25.Nc6 Kg7 26.Qe4 Rfe8 27.b5 Qb2 28.Rb1 Qxa2 29.Rb4 a5 30.bxa6
Qxa6 31.Ne5 Qa1+ 32.Kh2 Rxc3 33.Rxc3 Qxc3 34.Rb7 Rd8 35.Rxf7+
Kg8 36.Qh4 h5 37.Qxd8# 1-0

[Event "Washington Open Championship"]
[Site "Lynnwood, WA"]
[Date "2015.05.24"]
[Round "3"]
[White "Carpenter Romie  (MT)"]
[Black "Hou Frank  (WA)"]
[Result "1/2-1/2"]
[WhiteElo "1800"]
[BlackElo "1684"]
[Annotator ""]
[Source ""]
[Remark "Premier"]

1.Nf3 c5 2.c4 Nc6 3.g3 Nf6 4.Bg2 g6 5.Nc3 Bg7 6.O-O O-O 7.d3
a6 8.Rb1 Rb8 9.Be3 b6 10.a3 Bb7 11.Qc2 e6 12.b4 Qe7 13.bxc5 bxc5
14.Na4 d6 15.Rb6 Nd7 16.Rbb1 Ba8 17.Rxb8 Rxb8 18.Rb1 Qd8 19.Bf4
Bf8 20.Bd2 e5 21.Rb2 Nd4 22.Nxd4 cxd4 23.Bxa8 Rxb2 24.Qxb2 Qxa8
25.Qb3 Qc6 26.f3 Kg7 27.Kf2 Nc5 28.Nxc5 dxc5 29.Ba5 Bd6 30.Qb6
Qxb6 31.Bxb6 f5 32.Ke1 1/2-1/2

[Event "Washington Open Championship"]
[Site "Lynnwood, WA"]
[Date "2015.05.24"]
[Round "3"]
[White "Kumar Sanjay  (WA)"]
[Black "Archer Shawn  (WA)"]
[Result "0-1"]
[WhiteElo "258"]
[BlackElo "1368"]
[Annotator ""]
[Source ""]
[Remark "Booster"]

1.e4 e5 2.f4 exf4 3.Nf3 d6 4.d4 Bg4 5.Bxf4 Be7 6.Nc3 Nf6 7.Be2
Nbd7 8.O-O O-O 9.e5 Nh5 10.Ne4 Nxf4 11.Qd2 Nxe2+ 12.Qxe2 dxe5
13.h3 Bxf3 14.Qxf3 exd4 15.Qf5 Nf6 16.Ng5 c5 17.Rae1 g6 18.Qe5
Re8 19.Rf2 Ng4 20.hxg4 Bxg5 21.Qg3 Rxe1+ 0-1

[Event "Washington Open Championship"]
[Site "Lynnwood, WA"]
[Date "2015.05.24"]
[Round "3"]
[White "Eversole Joseph  (WA)"]
[Black "Arganian David (WA)"]
[Result "1-0"]
[WhiteElo "1900"]
[BlackElo "2015"]
[Annotator ""]
[Source ""]
[Remark "Open"]

1.e4 c5 2.Nf3 d6 3.d4 cxd4 4.Nxd4 Nf6 5.Nc3 a6 6.Be3 Ng4 7.Bg5
h6 8.Bh4 g5 9.Bg3 Bg7 10.Be2 h5 11.h4 gxh4 12.Bxh4 Qb6 13.Nb3
Bf6 14.Nd5 Bxh4 15.Nxb6 Bxf2+ 16.Kf1 Bxb6 17.Bxg4 Bxg4 18.Qxg4
hxg4 19.Rxh8+ Kd7 20.a4 g3 21.a5 Bf2 22.Ra4 b6 23.Rc4 Bc5 24.axb6
Kc6 25.Nxc5 dxc5 26.b4 1-0

[Event "Washington Open Championship"]
[Site "Lynnwood, WA"]
[Date "2015.05.24"]
[Round "3"]
[White "Kirlin Patrick  (WA)"]
[Black "Hasuike Mike  (OR)"]
[Result "0-1"]
[WhiteElo "1438"]
[BlackElo "1500"]
[Annotator ""]
[Source ""]
[Remark "Reserve"]

1.c4 g6 2.d4 Bg7 3.e4 d6 4.Nf3 Nd7 5.Be2 Ngf6 6.Nc3 O-O 7.O-O
e5 8.d5 a5 9.Nh4 Nxe4 10.Nxe4 Qxh4 11.Bg4 f5 12.Bg5 Qxg4 13.f3
Qh5 14.g4 fxg4 15.fxg4 Rxf1+ 16.Kxf1 Qxh2 17.Qf3 Nf8 18.b3 h6
19.Be3 g5 20.c5 dxc5 21.Nxc5 Ng6 22.Nd3 Nf4 23.Nf2 e4 24.Qxe4
Bxa1 25.Qe8+ Kh7 26.Qf7+ Kh8 27.Qf8+ Kh7 28.Qf7+ Bg7 29.Bd4 Qg2+
30.Ke1 Nd3+ 31.Kd2 Qxf2+ 32.Bxf2 Nxf2 33.Qxf2 Bxg4 34.Qe3 Kg6
35.Qe7 Rc8 36.Qc5 b6 37.Qc6+ Bf6 38.Qc4 Bf5 39.a3 Be5 40.Qe2
Bd6 41.a4 h5 42.Qf2 Re8 43.Kc3 h4 44.Kc4 g4 45.Qg2 h3 46.Qg1
h2 47.Qg2 g3 48.Qf3 Kg5 49.Kb5 Bf4 50.Kc6 Re3 51.d6 Rxf3 52.dxc7
Rc3+ 53.Kxb6 Bxc7+ 54.Kb5 h1Q 55.b4 Qc6# 0-1

[Event "Washington Open Championship"]
[Site "Lynnwood, WA"]
[Date "2015.05.24"]
[Round "3"]
[White "Mitchell Mika  (WA)"]
[Black "Baxter Brent  (WA)"]
[Result "1/2-1/2"]
[WhiteElo "1807"]
[BlackElo "1935"]
[Annotator ""]
[Source ""]
[Remark "Premier"]

1.e4 c6 2.Nc3 d5 3.Nf3 Bg4 4.d4 e6 5.exd5 cxd5 6.h3 Bxf3 7.Qxf3
Nc6 8.Bb5 a6 9.Bxc6+ bxc6 10.O-O Nf6 11.Bg5 Be7 12.Na4 Ne4 13.Bxe7
Qxe7 14.Qe3 O-O 15.f3 Ng3 16.Rfd1 Nf5 17.Qe1 Rab8 18.b3 Rfc8
19.c3 Nd6 20.Nc5 Nb7 21.Nxa6 Ra8 22.Nb4 c5 23.Nxd5 Qd6 24.Ne3
cxd4 25.Rxd4 Qb6 26.Rb4 Qc7 27.Rc4 Qe5 28.Rxc8+ Rxc8 29.c4 Rd8
30.Nc2 Qb2 31.Qc1 Qc3 32.Ne3 Qd4 33.b4 Nd6 34.Kh1 f5 35.c5 Nf7
36.Nc4 Ng5 37.Qxg5 Qxa1+ 38.Kh2 Rd1 39.Kg3 Qc3 40.Qe7 Qe1+ 41.Kh2
Qg1+ 42.Kg3 Qe1+ 1/2-1/2

[Event "Washington Open Championship"]
[Site "Lynnwood, WA"]
[Date "2015.05.24"]
[Round "3"]
[White "Rozenfeld Yevgeniy  (WA)"]
[Black "Dixon Dakota  (WA)"]
[Result "0-1"]
[WhiteElo "2015"]
[BlackElo "2137"]
[Annotator ""]
[Source ""]
[Remark "Open"]

1.e4 c5 2.Nf3 Nc6 3.d4 cxd4 4.Nxd4 Nf6 5.Nc3 d6 6.Bc4 Qb6 7.Nb3
e6 8.Be3 Qc7 9.Be2 a6 10.a4 Be7 11.O-O O-O 12.f4 Rd8 13.Bf3 b6
14.Qe1 d5 15.Qf2 d4 16.Nxd4 Nxd4 17.e5 Nxf3+ 18.gxf3 Nd5 19.Nxd5
Rxd5 20.Bxb6 Qc4 21.Be3 Bb7 22.c3 Rd3 23.Kg2 Rad8 24.Qe1 Bc5
25.Bxc5 Qxc5 26.Rf2 Qc6 27.Qe2 Rd2 28.Qe3 Rxf2+ 29.Qxf2 Rd3 30.Rf1
Qxa4 31.Qa7 Qc6 32.Qb8+ Bc8 33.Rf2 h6 34.Qb3 Bb7 35.Qc2 Rxf3
36.Kf1 Re3 37.Rd2 Qf3+ 0-1

[Event "Washington Open Championship"]
[Site "Lynnwood, WA"]
[Date "2015.05.24"]
[Round "3"]
[White "Zhang Derek  (WA)"]
[Black "He Anthony  (WA)"]
[Result "1/2-1/2"]
[WhiteElo "2122"]
[BlackElo "2029"]
[Annotator ""]
[Source ""]
[Remark "Open"]

1.f4 d5 2.Nf3 Nf6 3.e3 e6 4.b3 c5 5.Bb5+ Bd7 6.Bxd7+ Nbxd7 7.Bb2
Bd6 8.O-O Qc7 9.Qe1 O-O 10.Qg3 Rfe8 11.Nh4 Rad8 12.Nc3 Qc6 13.Ne2
Bf8 14.d3 b5 15.a4 b4 16.Nf3 Qc7 17.Rad1 a5 18.Ne5 g6 19.Rf3
Bg7 20.Qh4 Nxe5 21.Bxe5 Qe7 22.Qe1 Nd7 23.Bxg7 Kxg7 24.Ng3 Nb6
25.c4 Qd7 26.Rf1 Qc6 27.Qe2 Rd7 28.Qg4 f5 29.Qg5 Rf7 30.h4 Qd6
31.h5 Qe7 32.hxg6 hxg6 33.Qxe7 Rfxe7 34.Rc1 dxc4 35.dxc4 Rd7
36.Rfd1 Red8 37.Rxd7+ Rxd7 38.Rb1 Kf6 39.Kf2 Rd2+ 40.Kf3 e5 41.fxe5+
Kxe5 42.Nf1 Rd6 43.Rb2 Nd7 44.Rd2 Rxd2 45.Nxd2 Nf6 1/2-1/2

[Event "Washington Open Championship"]
[Site "Lynnwood, WA"]
[Date "2015.05.24"]
[Round "3"]
[White "Bishop Alan  (WA)"]
[Black "Miller Travis  (AK)"]
[Result "1-0"]
[WhiteElo "2053"]
[BlackElo "1566"]
[Annotator ""]
[Source ""]
[Remark "Open"]

1.e4 e6 2.d4 d5 3.Nc3 Bb4 4.e5 c5 5.Bd2 Ne7 6.f4 Nf5 7.Nf3 cxd4
8.Nb5 Ne3 9.Qc1 Bc5 10.b4 Be7 11.Nbxd4 Nxf1 12.Rxf1 Nc6 13.a3
O-O 14.Kf2 f6 15.Kg1 Nxd4 16.Nxd4 fxe5 17.fxe5 Rxf1+ 18.Qxf1
Qc7 19.Re1 Bd7 20.Qd3 Rf8 21.Re3 h6 22.Qg6 Qc4 23.Nf3 Bg5 24.Rc3
Qe2 25.Bxg5 hxg5 26.Qd3 Bb5 27.Qxe2 Bxe2 28.Kf2 Bc4 29.Kg3 b5
30.Re3 Rc8 31.Nd4 a6 32.Nxe6 d4 33.Nxd4 Rd8 34.c3 Kf7 35.e6+
Ke8 36.e7 Rc8 37.Nf5 Bf7 38.Nd6+ Kd7 39.Nxc8 1-0

[Event "Washington Open Championship"]
[Site "Lynnwood, WA"]
[Date "2015.05.24"]
[Round "3"]
[White "Hosford Michael  (WA)"]
[Black "Leslie Cameron  (WA)"]
[Result "1-0"]
[WhiteElo "1932"]
[BlackElo "2064"]
[Annotator ""]
[Source ""]
[Remark "Open"]

1.e4 c6 2.d4 d5 3.f3 Qb6 4.Nc3 dxe4 5.fxe4 e5 6.Nf3 Bg4 7.Bc4
exd4 8.Bxf7+ Kxf7 9.Ne5+ Ke7 10.Qxg4 Nf6 11.Bg5 dxc3 12.Rd1 Qc7
13.Qf4 Qc8 14.O-O Qe6 15.Ng4 Ke8 16.Nxf6+ gxf6 17.Bxf6 Bc5+ 18.Kh1
Rf8 19.Rd8+ Kf7 20.Be7+ 1-0

[Event "Washington Open Championship"]
[Site "Lynnwood, WA"]
[Date "2015.05.24"]
[Round "4"]
[White "Haining Karen  (WA)"]
[Black "Saletan Emily  (WA)"]
[Result "0-1"]
[WhiteElo "1069"]
[BlackElo "1287"]
[Annotator ""]
[Source ""]
[Remark "Booster"]

1.e4 e6 2.d4 d5 3.exd5 exd5 4.Nf3 Bf5 5.Be3 Nf6 6.Bd3 Bxd3 7.Qxd3
Nbd7 8.Nbd2 c5 9.dxc5 Nxc5 10.Bxc5 Bxc5 11.Qb5+ Nd7 12.Qxb7 Qe7+
13.Kf1 O-O 14.Qxd5 Rad8 15.Qe4 Qf6 16.c3 Rfe8 17.Qd5 Bb6 18.Qg5
Qd6 19.Qf5 g6 20.Qc2 Qc5 21.Nb3 Qc4+ 22.Kg1 Re2 23.Qxe2 Qxe2
24.h3 Qxf2+ 25.Kh2 Bc7+ 26.Ne5 Bxe5# 0-1

[Event "Washington Open Championship"]
[Site "Lynnwood, WA"]
[Date "2015.05.24"]
[Round "4"]
[White "Jain Krish  (WA)"]
[Black "Kam Ethan  (WA)"]
[Result "0-1"]
[WhiteElo "989"]
[BlackElo "1245"]
[Annotator ""]
[Source ""]
[Remark "Booster"]

1.f4 f5 2.Nf3 Nf6 3.b3 Nc6 4.Bb2 e6 5.e3 b6 6.Bb5 Bb7 7.O-O a6
8.Bxc6 Bxc6 9.d3 Bd6 10.Nbd2 b5 11.Re1 O-O 12.Qe2 Qe8 13.e4 Bxf4
14.Nd4 Bxd2 15.Qxd2 Ng4 16.exf5 Qh5 17.h3 exf5 18.hxg4 fxg4 19.Nxc6
g3 20.Ne7+ Kh8 21.Bxg7+ Kxg7 22.Qc3+ Rf6 23.Nf5+ Qxf5 24.d4 Qf2+
25.Kh1 Rh6# 0-1

[Event "Washington Open Championship"]
[Site "Lynnwood, WA"]
[Date "2015.05.24"]
[Round "4"]
[White "Kirlin Patrick  (WA)"]
[Black "Jung Trevor  (WA)"]
[Result "0-1"]
[WhiteElo "1438"]
[BlackElo "1644"]
[Annotator ""]
[Source ""]
[Remark "Premier"]

1.Nf3 f5 2.d4 Nf6 3.c4 e6 4.Nc3 Bb4 5.Bd2 O-O 6.a3 Bxc3 7.Bxc3
d6 8.Qc2 b6 9.O-O-O Ne4 10.Be1 c6 11.d5 cxd5 12.cxd5 e5 13.e3
Bd7 14.Kb1 Nc5 15.Bb4 Ba4 16.Qd2 Ne4 17.Qc1 Bxd1 18.Qxd1 Nxf2 0-1